Economic results of agricultural enterprises in the Slovak Republic
Produktivita živej práce podnikania fyzických a právnických osôb v odvetví poľnohospodárstva. Diferenciácia hospodárskych výsledkov podnikov podľa regiónov a výšky podpory podnikania v poľnohospodárstve SR.
Salvato in:
| Autore principale: | |
|---|---|
| Natura: | Capitolo di libro |
| Lingua: | slovacco |
| Soggetti: | |
| Tags: |
Nessun Tag, puoi essere il primo ad aggiungerne!!
|
MARC
| LEADER | 00000nla a2200000 4500 | ||
|---|---|---|---|
| 001 | 0221176 | ||
| 005 | 20240527075054.6 | ||
| 041 | 0 | |a slo | |
| 044 | |a SK | ||
| 245 | 1 | 0 | |a Economic results of agricultural enterprises in the Slovak Republic |c Elena Šúbertová |
| 520 | |a Produktivita živej práce podnikania fyzických a právnických osôb v odvetví poľnohospodárstva. Diferenciácia hospodárskych výsledkov podnikov podľa regiónov a výšky podpory podnikania v poľnohospodárstve SR. | ||
| 610 | 2 | 0 | |a Slovensko |
| 610 | 2 | 0 | |a politika poľnohospodárska |
| 610 | 2 | 0 | |a podnik poľnohospodársky |
| 610 | 2 | 0 | |a služby poľnohospodárske |
| 610 | 2 | 0 | |a poľnohospodárstvo |
| 610 | 2 | 0 | |a produktivita |
| 100 | 1 | |a Šúbertová, Elena | |